[Event "2. ODEM U25 2005"]
[Site "Willingen GER"]
[Date "2005.05.17"]
[Round "5"]
[White "Tschlatscher, Thomas"]
[Black "Kyas, Marcel"]
[Result "1-0"]
[Termination "normal"]
[Board "36"]
[WhiteElo "1652"]
[BlackElo "1518"]
[PlyCount "101"]
[WhiteFideId "24635863"]
[BlackFideId "24642037"]
[EventCountry "GER"]
[EventRounds "9"]
[EventType "swiss"]
[EventDate "2005.05.15"]

1. c4 e5 2. Nc3 Nc6 3. g3 Nf6 4. Bg2 Bc5 5. e3 d6 6. Nge2 O-O 7. O-O Be6 8. d4
exd4 9. exd4 Bxc4 10. dxc5 dxc5 11. Qxd8 Raxd8 12. Bxc6 bxc6 13. Re1 Rfe8 14.
Be3 Rd6 15. Nf4 Rdd8 16. Bxc5 a5 17. Rxe8+ Rxe8 18. Rd1 h6 19. f3 Rb8 20. b3
Ba6 21. Be7 Kh7 22. Rd8 Rxd8 23. Bxd8 Ne8 24. Kf2 g5 25. Nfe2 c5 26. Nd5 c6 27.
Nf6+ Nxf6 28. Bxf6 c4 29. Bc3 Kg6 30. Bxa5 Kf6 31. Bc3+ Ke6 32. Ke3 Kd5 33. Bg7
h5 34. Bf6 g4 35. Nf4+ Kc5 36. Be7+ Kb5 37. bxc4+ Kxc4 38. Nxh5 gxf3 39. Kxf3
c5 40. Nf6 Kd4 41. h4 c4 42. h5 c3 43. h6 c2 44. Ba3 Bd3 45. h7 Bxh7 46. Nxh7
Kd3 47. Bc1 Kd4 48. Kf4 Kd3 49. Kf5 Ke2 50. g4 Kd1 51. Ba3 1-0

[Event "2. ODEM U25 2005"]
[Site "Willingen GER"]
[Date "2005.05.17"]
[Round "5"]
[White "Lebeda, Lukas"]
[Black "Klebanov, Andrej"]
[Result "0-1"]
[Termination "normal"]
[Board "37"]
[WhiteElo "1222"]
[BlackElo "1587"]
[PlyCount "74"]
[BlackFideId "24669989"]
[EventCountry "GER"]
[EventRounds "9"]
[EventType "swiss"]
[EventDate "2005.05.15"]

1. e4 e6 2. e5 d5 3. exd6 Bxd6 4. Nf3 Nf6 5. Nc3 Nc6 6. Bb5 a6 7. Bxc6+ bxc6 8.
O-O c5 9. d3 Bb7 10. Be3 Nd5 11. Nxd5 Bxd5 12. c4 Bc6 13. Rb1 Qf6 14. Ne1 Rb8
15. b3 Qe5 16. g3 h5 17. h4 Qf5 18. Kh2 e5 19. Qe2 Bd7 20. Rh1 Bc6 21. Rf1 e4
22. Bd2 Kd7 23. dxe4 Bxe4 24. Rd1 Rbe8 25. Be3 g5 26. hxg5 h4 27. f4 hxg3+ 28.
Kxg3 Qh3+ 29. Kf2 Qh4+ 30. Kg1 Qh1+ 31. Kf2 Qh2+ 32. Ng2 Qxg2+ 33. Ke1 Qxe2+
34. Kxe2 Rh3 35. Bxc5 Bf3+ 36. Kf2 Re2+ 37. Kg1 Rg2# 0-1

[Event "2. ODEM U25 2005"]
[Site "Willingen GER"]
[Date "2005.05.17"]
[Round "5"]
[White "Huynh, Nhi Lang"]
[Black "Beck, Patrick"]
[Result "0-1"]
[Termination "normal"]
[Board "38"]
[WhiteElo "1241"]
[BlackElo "1719"]
[PlyCount "100"]
[WhiteFideId "24669180"]
[BlackFideId "24660418"]
[EventCountry "GER"]
[EventRounds "9"]
[EventType "swiss"]
[EventDate "2005.05.15"]

1. d4 d5 2. c4 e6 3. Nc3 c6 4. e3 f5 5. Nf3 Nf6 6. cxd5 exd5 7. g3 Bd6 8. Bg2
O-O 9. O-O Qe8 10. b3 Nbd7 11. Bb2 Ne4 12. Rc1 Rf6 13. Nd2 Rh6 14. Rc2 Ndf6 15.
Ncxe4 fxe4 16. Re1 Qg6 17. Nf1 Bh3 18. Qe2 Rf8 19. Bxh3 Rxh3 20. Rec1 Rh5 21.
a3 Ng4 22. Qd1 Rhf5 23. Qe1 Nxf2 24. Rxf2 Rxf2 25. Qxf2 Rxf2 26. Kxf2 Qf6+ 27.
Kg1 Qf8 28. Ra1 Qf3 29. b4 h5 30. Re1 h4 31. Nd2 Qg4 32. Nf1 hxg3 33. hxg3 Bxg3
34. Nxg3 Qxg3+ 35. Kf1 Qh3+ 36. Kg1 Qg3+ 37. Kf1 Qh2 38. Re2 Qh1+ 39. Kf2 Kf7
40. Kg3 Qf3+ 41. Kh2 Qxe2+ 42. Kg3 Qxb2 43. Kf4 Qxa3 44. b5 cxb5 45. Ke5 Qxe3
46. Kd6 Qxd4 47. Kc7 Qc5+ 48. Kb8 b4 49. Kxb7 b3 50. Ka6 Qb6# 0-1

[Event "2. ODEM U25 2005"]
[Site "Willingen GER"]
[Date "2005.05.17"]
[Round "5"]
[White "Volz, Daniel"]
[Black "Tsoumanis, Konstantinos"]
[Result "0-1"]
[Termination "normal"]
[Board "40"]
[WhiteElo "1391"]
[BlackElo "1204"]
[PlyCount "38"]
[WhiteFideId "4661125"]
[EventCountry "GER"]
[EventRounds "9"]
[EventType "swiss"]
[EventDate "2005.05.15"]

1. e4 e5 2. Nf3 Nc6 3. Bc4 Nf6 4. d4 exd4 5. Ng5 d5 6. exd5 Qe7+ 7. Kf1 h6 8.
dxc6 hxg5 9. Qxd4 Rh4 10. Qd3 Re4 11. Be3 Bg4 12. Qb3 b6 13. Nd2 Re5 14. h3 Be6
15. Bxe6 Rxe6 16. Bxg5 Rd8 17. g3 Qd6 18. Qa4 Qd5 19. Bxf6 Qxh1# 0-1

[Event "2. ODEM U25 2005"]
[Site "Willingen GER"]
[Date "2005.05.17"]
[Round "5"]
[White "Lange, Vanessa"]
[Black "Hauffen, Kai"]
[Result "1-0"]
[Termination "normal"]
[Board "41"]
[WhiteElo "1295"]
[BlackElo "1120"]
[PlyCount "109"]
[EventCountry "GER"]
[EventRounds "9"]
[EventType "swiss"]
[EventDate "2005.05.15"]

1. Nc3 e5 2. e4 Bb4 3. a3 Be7 4. Bc4 Nf6 5. d3 d6 6. Nge2 Be6 7. Bxe6 fxe6 8.
Ng3 Nc6 9. O-O O-O 10. Nh5 Qe8 11. Nxf6+ Rxf6 12. Bg5 Rg6 13. Bd2 Bg5 14. f4
exf4 15. Bxf4 Bxf4 16. Rxf4 e5 17. Rg4 a6 18. Qe2 Nd4 19. Qd1 Qe6 20. Rxg6 Qxg6
21. Rc1 Rf8 22. Nd5 Rf7 23. c3 Nf3+ 24. Qxf3 c6 25. Qg3 Qxg3 26. hxg3 cxd5 27.
exd5 Rf6 28. Rd1 Rg6 29. Kf2 Rg4 30. Kf3 h5 31. b4 Kf7 32. c4 b6 33. Rc1 Rd4
34. Rc3 g5 35. c5 bxc5 36. bxc5 Rxd5 37. c6 Rc5 38. Rxc5 dxc5 39. c7 Ke7 40.
c8=Q Kd6 41. Qd8+ Ke6 42. Qxg5 Kd5 43. Qxh5 Kd4 44. Qf5 a5 45. Qd7+ Kc3 46. Qd5
a4 47. Qxe5+ Kd2 48. Qxc5 Kxd3 49. g4 Kd2 50. g5 Ke1 51. g6 Kd2 52. g7 Kd3 53.
g8=Q Kd2 54. Qd8+ Ke1 55. Qc1# 1-0

[Event "2. ODEM U25 2005"]
[Site "Willingen GER"]
[Date "2005.05.17"]
[Round "5"]
[White "Frey, Steffen"]
[Black "Nöttling, Dominik"]
[Result "1-0"]
[Termination "normal"]
[Board "42"]
[WhiteElo "1248"]
[BlackElo "1179"]
[PlyCount "65"]
[BlackFideId "24672807"]
[EventCountry "GER"]
[EventRounds "9"]
[EventType "swiss"]
[EventDate "2005.05.15"]

1. e4 e5 2. Nf3 Nf6 3. Nc3 Nc6 4. d4 exd4 5. Nxd4 Bb4 6. Nxc6 bxc6 7. Bd3 O-O
8. O-O Re8 9. Bg5 h6 10. Bh4 g5 11. Bg3 Bxc3 12. bxc3 Nxe4 13. Qh5 Kg7 14. Rfe1
Nxc3 15. Be5+ Rxe5 16. Rxe5 Qf6 17. Rae1 Rb8 18. Rf5 Qg6 19. Qxg6+ fxg6 20.
Re7+ Kg8 21. Rfe5 d6 22. Re1 Bg4 23. h3 Bf5 24. Bxf5 gxf5 25. Rxc7 Nxa2 26.
Rxc6 Nb4 27. Rxd6 Nxc2 28. Re7 g4 29. hxg4 fxg4 30. Rg6+ Kf8 31. Rxa7 h5 32.
Rh6 g3 33. Rh8# 1-0

[Event "2. ODEM U25 2005"]
[Site "Willingen GER"]
[Date "2005.05.17"]
[Round "5"]
[White "Teltewskoi, Alexander"]
[Black "Rosenkranz, Christian"]
[Result "1-0"]
[Termination "normal"]
[Board "44"]
[WhiteElo "1312"]
[BlackElo "1232"]
[PlyCount "111"]
[BlackFideId "24674494"]
[EventCountry "GER"]
[EventRounds "9"]
[EventType "swiss"]
[EventDate "2005.05.15"]

1. e4 e6 2. d4 d5 3. exd5 exd5 4. Nf3 Nc6 5. Bd3 Nf6 6. O-O Be7 7. Bg5 O-O 8.
c3 Bg4 9. Nbd2 Re8 10. Qc2 h6 11. Bxf6 Bxf6 12. h3 Bxf3 13. Nxf3 Qd7 14. Rfe1
Rxe1+ 15. Rxe1 Re8 16. Rxe8+ Qxe8 17. Qb3 b6 18. Qxd5 Qe6 19. Qxe6 fxe6 20. Kf1
Kf7 21. Ke2 Ke7 22. Ke3 Kd6 23. Ke4 e5 24. dxe5+ Nxe5 25. Nxe5 Bxe5 26. g3 c5
27. f4 Bf6 28. g4 Bh4 29. c4 a6 30. b3 Kc6 31. a4 a5 32. Ke5 Bg3 33. Kf5 Kd6
34. g5 Ke7 35. gxh6 gxh6 36. Kg4 Bh2 37. f5 Kf6 38. Kf3 Be5 39. Ke4 Bc7 40. Kd5
Bd8 41. Kd6 Kf7 42. Kd7 Be7 43. Be4 Kf6 44. Kc7 Ke5 45. Bc2 Kd4 46. Kxb6 Kc3
47. Bd1 Kb4 48. Kc6 Bg5 49. Kd6 Bh4 50. Ke6 Kc3 51. f6 Bxf6 52. Kxf6 Kd2 53.
Ke5 Kxd1 54. Kd5 Kc2 55. Kxc5 Kxb3 56. Kb5 1-0

[Event "2. ODEM U25 2005"]
[Site "Willingen GER"]
[Date "2005.05.17"]
[Round "5"]
[White "Fabritius, Norbert"]
[Black "Zimmerer, David"]
[Result "1/2-1/2"]
[Termination "normal"]
[Board "45"]
[WhiteElo "1321"]
[BlackElo "1193"]
[PlyCount "76"]
[WhiteFideId "24662178"]
[BlackFideId "4620224"]
[EventCountry "GER"]
[EventRounds "9"]
[EventType "swiss"]
[EventDate "2005.05.15"]

1. Nf3 f5 2. d4 e6 3. Bf4 d6 4. Nc3 Nd7 5. e4 g6 6. Bb5 a6 7. Bc4 Nb6 8. Bb3 h6
9. h4 Bg7 10. Qe2 Bd7 11. exf5 gxf5 12. Bxe6 Bxe6 13. Qxe6+ Qe7 14. Qxe7+ Nxe7
15. O-O-O O-O-O 16. Ne2 Rhe8 17. Rhe1 Ned5 18. Bd2 Re7 19. Nc3 Rde8 20. Nxd5
Nxd5 21. c3 Kd7 22. Rxe7+ Rxe7 23. Re1 c5 24. Rxe7+ Kxe7 25. dxc5 dxc5 26. Kc2
Ke6 27. c4 Nb4+ 28. Bxb4 cxb4 29. b3 a5 30. Kd3 Bf8 31. Ne1 b6 32. f3 Bc5 33.
Ke2 Bd6 34. f4 h5 35. Nd3 Kf6 36. Ke3 Bc5+ 37. Ke2 Bd4 38. Ne5 Bc5 1/2-1/2

[Event "2. ODEM U25 2005"]
[Site "Willingen GER"]
[Date "2005.05.17"]
[Round "5"]
[White "Strohmann, Marc"]
[Black "Usov, Andreas"]
[Result "1-0"]
[Termination "normal"]
[Board "46"]
[WhiteElo "1267"]
[BlackElo "1101"]
[PlyCount "68"]
[BlackFideId "24601713"]
[EventCountry "GER"]
[EventRounds "9"]
[EventType "swiss"]
[EventDate "2005.05.15"]

1. f4 d5 2. e3 Nf6 3. Nf3 Bg4 4. b3 e6 5. Bb2 Be7 6. Bd3 Nc6 7. O-O Nb4 8. Qe1
Nxd3 9. cxd3 Bf5 10. Ne5 Rg8 11. Nc3 d4 12. Ne4 dxe3 13. Qxe3 b6 14. Rac1 Bxe4
15. dxe4 Bc5 16. d4 Bd6 17. Nf3 Nh5 18. e5 Bf8 19. g4 g6 20. gxh5 gxh5+ 21. Kf2
c5 22. Qe4 f5 23. Qc6+ Ke7 24. dxc5 h4 25. Qd6+ Kf7 26. Ng5+ Rxg5 27. Qxd8 Rxd8
28. fxg5 Rd2+ 29. Kg1 Rxb2 30. c6 Bc5+ 31. Kh1 Ke7 32. Rfd1 h6 33. c7 Rg2 34.
c8=Q Be3 1-0

[Event "2. ODEM U25 2005"]
[Site "Willingen GER"]
[Date "2005.05.17"]
[Round "5"]
[White "Nitsche-Hahn, Raphael"]
[Black "Sonnhalter, Stella"]
[Result "0-1"]
[Termination "normal"]
[Board "47"]
[WhiteElo "1086"]
[BlackElo "1262"]
[PlyCount "50"]
[WhiteFideId "4613120"]
[BlackFideId "4624815"]
[EventCountry "GER"]
[EventRounds "9"]
[EventType "swiss"]
[EventDate "2005.05.15"]

1. d4 d5 2. c4 c6 3. Nc3 Nf6 4. Nf3 Bf5 5. b3 e6 6. Bb2 Bb4 7. e3 Ne4 8. Qc1
Qa5 9. Nd2 Bxc3 10. Bxc3 Qxc3 11. Qxc3 Nxc3 12. f3 b5 13. a4 b4 14. cxd5 cxd5
15. h4 h6 16. g4 Bh7 17. Rc1 Nd7 18. Be2 Ke7 19. Kf2 Rac8 20. g5 hxg5 21. hxg5
Bg6 22. Rxh8 Rxh8 23. Re1 Rh2+ 24. Kf1 Nxe2 25. Rxe2 Bd3 0-1

[Event "2. ODEM U25 2005"]
[Site "Willingen GER"]
[Date "2005.05.17"]
[Round "5"]
[White "Sadjjadi, Bijan Viktor"]
[Black "Gheng, Christian"]
[Result "1-0"]
[Termination "normal"]
[Board "48"]
[WhiteElo "750"]
[BlackElo "743"]
[PlyCount "59"]
[BlackFideId "24660345"]
[EventCountry "GER"]
[EventRounds "9"]
[EventType "swiss"]
[EventDate "2005.05.15"]

1. e4 e5 2. Nf3 Nc6 3. Bc4 Nf6 4. Nc3 Nd4 5. Ng5 Bb4 6. Nxf7 Qe7 7. Nxh8 c6 8.
Bf7+ Kf8 9. O-O d5 10. exd5 cxd5 11. Bxd5 Nxd5 12. Nxd5 Qh4 13. c3 Be7 14. cxd4
exd4 15. Nxe7 Qxe7 16. Qf3+ Kg8 17. Qf7+ Qxf7 18. Nxf7 Kxf7 19. b3 Be6 20. Bb2
d3 21. Rae1 Bf5 22. Re5 Bd7 23. Rfe1 Kf6 24. Re8+ Kf5 25. Rxa8 h5 26. Rf8+ Kg4
27. Re4+ Kg5 28. Re3 Kh6 29. Rg3 h4 30. Rh8# 1-0

[Event "2. ODEM U25 2005"]
[Site "Willingen GER"]
[Date "2005.05.18"]
[Round "6"]
[White "Zentgraf, Robert"]
[Black "Hort, Alexej"]
[Result "1/2-1/2"]
[Termination "normal"]
[Board "1"]
[WhiteElo "2082"]
[BlackElo "2105"]
[PlyCount "73"]
[WhiteFideId "4676483"]
[BlackFideId "4678125"]
[EventCountry "GER"]
[EventRounds "9"]
[EventType "swiss"]
[EventDate "2005.05.15"]

1. e4 c5 2. Nf3 d6 3. d4 cxd4 4. Nxd4 Nf6 5. Nc3 a6 6. Be2 e6 7. O-O Be7 8. a4
O-O 9. Be3 Qc7 10. a5 Nc6 11. Nb3 e5 12. Bb6 Qb8 13. Bf3 Be6 14. Nd5 Bd8 15.
Nxf6+ Bxf6 16. c3 Bd8 17. Bxd8 Qxd8 18. Bg4 Bxb3 19. Qxb3 Nxa5 20. Qd5 Nc6 21.
Rfd1 Qg5 22. Be2 Ne7 23. Qxb7 Rab8 24. Qxa6 Rxb2 25. Ra2 Rxa2 26. Qxa2 Ng6 27.
Qd2 Nf4 28. g3 Nh3+ 29. Kg2 Nf4+ 30. Kf1 Ne6 31. Qxg5 Nxg5 32. f3 Rd8 33. Kf2
Kf8 34. Ra1 Rc8 35. Ra6 Rxc3 36. Rxd6 Ne6 37. Rd3 1/2-1/2

[Event "2. ODEM U25 2005"]
[Site "Willingen GER"]
[Date "2005.05.18"]
[Round "6"]
[White "Banik, Thorsten"]
[Black "Nuber, Korbinian"]
[Result "1/2-1/2"]
[Termination "normal"]
[Board "2"]
[WhiteElo "2107"]
[BlackElo "2073"]
[PlyCount "68"]
[WhiteFideId "4659376"]
[BlackFideId "24607231"]
[EventCountry "GER"]
[EventRounds "9"]
[EventType "swiss"]
[EventDate "2005.05.15"]

1. d4 g6 2. e4 Bg7 3. Nf3 d6 4. Bc4 Nf6 5. Qe2 c6 6. Nc3 d5 7. Bb3 dxe4 8. Nxe4
O-O 9. Nxf6+ exf6 10. Be3 Re8 11. O-O-O Be6 12. Bxe6 Rxe6 13. Qd2 Qd5 14. Kb1
Nd7 15. Bh6 Rae8 16. Bxg7 Kxg7 17. Rde1 c5 18. Rxe6 Rxe6 19. dxc5 Qxd2 20. Nxd2
Re2 21. Nb3 Rxf2 22. Rd1 Ne5 23. Rd2 Rxd2 24. Nxd2 f5 25. b4 Kf6 26. Kb2 Ke6
27. c4 g5 28. Kc3 h5 29. Nf3 Nxf3 30. gxf3 g4 31. Kd3 h4 32. Ke2 Kd7 33. b5 Kc7
34. h3 g3 1/2-1/2

[Event "2. ODEM U25 2005"]
[Site "Willingen GER"]
[Date "2005.05.18"]
[Round "6"]
[White "Schinkowski, Christoph"]
[Black "Gölz, Daniel"]
[Result "1/2-1/2"]
[Termination "normal"]
[Board "3"]
[WhiteElo "2193"]
[BlackElo "1809"]
[PlyCount "54"]
[WhiteFideId "4686632"]
[BlackFideId "24626325"]
[EventCountry "GER"]
[EventRounds "9"]
[EventType "swiss"]
[EventDate "2005.05.15"]

1. d4 d5 2. c4 e6 3. Nc3 Nf6 4. Bg5 Be7 5. Nf3 O-O 6. e3 b6 7. Bd3 Bb7 8. cxd5
exd5 9. O-O Nbd7 10. Rc1 c5 11. dxc5 bxc5 12. Bf5 Nb6 13. Na4 Nxa4 14. Qxa4 d4
15. Qd1 h6 16. Bxf6 Bxf6 17. exd4 cxd4 18. Re1 Qa5 19. Bb1 Rfe8 20. Qd3 g6 21.
Red1 Bxf3 22. gxf3 Qg5+ 23. Kh1 Qh4 24. Rg1 Qxf2 25. Rxg6+ fxg6 26. Qxg6+ Bg7
27. Qh7+ Kf8 1/2-1/2

[Event "2. ODEM U25 2005"]
[Site "Willingen GER"]
[Date "2005.05.18"]
[Round "6"]
[White "Dahmen, Christoph"]
[Black "Bietz, Fabian"]
[Result "0-1"]
[Termination "normal"]
[Board "4"]
[WhiteElo "2050"]
[BlackElo "2028"]
[PlyCount "56"]
[WhiteFideId "4692160"]
[BlackFideId "24625930"]
[EventCountry "GER"]
[EventRounds "9"]
[EventType "swiss"]
[EventDate "2005.05.15"]

1. d4 Nf6 2. c4 e5 3. dxe5 Ng4 4. e4 Nxe5 5. Be3 Bb4+ 6. Nd2 d6 7. h3 O-O 8. a3
Ba5 9. Qh5 Bxd2+ 10. Bxd2 Be6 11. Rc1 Nbc6 12. f4 f5 13. fxe5 fxe4 14. Bg5 Qd7
15. Qh4 Nxe5 16. Qxe4 Rae8 17. Be2 Kh8 18. Kd2 Bxc4 19. Rxc4 d5 20. Qd4 Nxc4+
21. Bxc4 Re4 22. Qxd5 Rd4+ 23. Qxd4 Qxd4+ 24. Bd3 Qxb2+ 25. Bc2 Rf5 26. Nf3
Rd5+ 27. Ke3 Qxc2 28. Re1 h6 0-1

[Event "2. ODEM U25 2005"]
[Site "Willingen GER"]
[Date "2005.05.18"]
[Round "6"]
[White "Krensing, Jan"]
[Black "Braun, Vitali"]
[Result "0-1"]
[Termination "normal"]
[Board "5"]
[WhiteElo "2233"]
[BlackElo "2232"]
[PlyCount "54"]
[WhiteFideId "4671694"]
[BlackFideId "4684915"]
[EventCountry "GER"]
[EventRounds "9"]
[EventType "swiss"]
[EventDate "2005.05.15"]

1. d4 Nf6 2. c4 e6 3. Nc3 Bb4 4. e3 b6 5. Nge2 Ba6 6. a3 Bxc3+ 7. Nxc3 d5 8. b3
O-O 9. Be2 Nc6 10. O-O dxc4 11. b4 Nd5 12. Bd2 b5 13. e4 Nxc3 14. Bxc3 Bb7 15.
Qd2 Ne7 16. Qe3 Qd6 17. f3 a6 18. Bd1 Qb6 19. Bc2 Rad8 20. Rfe1 Rd7 21. Rad1
Rfd8 22. f4 f6 23. Kf1 Nc6 24. e5 f5 25. g4 Nxd4 26. Rxd4 Rxd4 27. gxf5 Qc6 0-1

[Event "2. ODEM U25 2005"]
[Site "Willingen GER"]
[Date "2005.05.18"]
[Round "6"]
[White "Lantzsch, Christian"]
[Black "Kühner, Christian"]
[Result "1-0"]
[Termination "normal"]
[Board "6"]
[WhiteElo "2141"]
[BlackElo "2150"]
[PlyCount "55"]
[WhiteFideId "4659821"]
[BlackFideId "4679440"]
[EventCountry "GER"]
[EventRounds "9"]
[EventType "swiss"]
[EventDate "2005.05.15"]

1. d4 Nf6 2. Nf3 b6 3. e3 Bb7 4. Bd3 e6 5. O-O c5 6. c4 Be7 7. Nc3 O-O 8. d5
exd5 9. cxd5 d6 10. e4 Nbd7 11. Nd2 a6 12. a4 Re8 13. f4 h6 14. Qf3 Bf8 15. Nc4
Qc7 16. Bd2 Re7 17. Be1 g5 18. fxg5 hxg5 19. e5 Rxe5 20. Nxe5 dxe5 21. Qf5 c4
22. Bc2 Bg7 23. Bg3 Re8 24. Rad1 Qc5+ 25. Kh1 Qb4 26. Ne4 Qe7 27. Nxg5 Bxd5 28.
Rxd5 1-0

[Event "2. ODEM U25 2005"]
[Site "Willingen GER"]
[Date "2005.05.18"]
[Round "6"]
[White "Blaschke, Tobias"]
[Black "Neidlinger, Markus"]
[Result "1/2-1/2"]
[Termination "normal"]
[Board "7"]
[WhiteElo "2000"]
[BlackElo "2110"]
[PlyCount "30"]
[WhiteFideId "24614297"]
[BlackFideId "4697839"]
[EventCountry "GER"]
[EventRounds "9"]
[EventType "swiss"]
[EventDate "2005.05.15"]

1. e4 c5 2. Nc3 g6 3. Nf3 Bg7 4. d4 cxd4 5. Nxd4 Nc6 6. Be3 d6 7. Qd2 Bd7 8. f3
Rc8 9. g4 Ne5 10. g5 Qa5 11. O-O-O Nxf3 12. Nxf3 Bxc3 13. bxc3 Qa3+ 14. Kb1
Rxc3 15. Bd4 Be6 1/2-1/2

[Event "2. ODEM U25 2005"]
[Site "Willingen GER"]
[Date "2005.05.18"]
[Round "6"]
[White "Stuhl, Alexander"]
[Black "Patzer, Stefan"]
[Result "0-1"]
[Termination "normal"]
[Board "8"]
[WhiteElo "2071"]
[BlackElo "1997"]
[PlyCount "48"]
[WhiteFideId "24601373"]
[BlackFideId "24601209"]
[EventCountry "GER"]
[EventRounds "9"]
[EventType "swiss"]
[EventDate "2005.05.15"]

1. b3 f5 2. e3 Nf6 3. c4 e6 4. Bb2 Be7 5. Nf3 O-O 6. d3 d5 7. cxd5 exd5 8. g3
c6 9. Bg2 Nbd7 10. O-O Ng4 11. Re1 Bf6 12. Nc3 Nde5 13. Nxe5 Bxe5 14. h3 Nxf2
15. Kxf2 Qg5 16. Qf3 f4 17. exf4 Bxf4 18. Kg1 Bxg3 19. Qxf8+ Kxf8 20. Ba3+ Kf7
21. Rf1+ Bf5 22. h4 Qe3+ 23. Kh1 g6 24. Nxd5 Qd4 0-1

[Event "2. ODEM U25 2005"]
[Site "Willingen GER"]
[Date "2005.05.18"]
[Round "6"]
[White "Zayadeh, Raphael"]
[Black "Vandenbergen, Nicolas"]
[Result "0-1"]
[Termination "normal"]
[Board "9"]
[WhiteElo "1928"]
[BlackElo "2057"]
[PlyCount "152"]
[EventCountry "GER"]
[EventRounds "9"]
[EventType "swiss"]
[EventDate "2005.05.15"]

1. d4 d5 2. c4 Nc6 3. Nf3 Bg4 4. e3 e5 5. dxe5 dxc4 6. Qxd8+ Rxd8 7. Bxc4 Nxe5
8. Be2 Nd3+ 9. Bxd3 Rxd3 10. Nbd2 Rd8 11. h3 Bh5 12. a3 f6 13. b3 c6 14. Bb2
Bg6 15. Nd4 Kf7 16. f4 Bd3 17. Rc1 Bd6 18. Rc3 Ba6 19. g3 Ne7 20. Rc1 c5 21.
N4f3 b6 22. Kf2 Rd7 23. Nc4 Bc7 24. Rhd1 Rhd8 25. Rxd7 Rxd7 26. e4 Bb7 27. Re1
Rd3 28. Re3 Rd8 29. a4 Nc6 30. Bc3 a6 31. Nb2 Nd4 32. Bxd4 cxd4 33. Re1 b5 34.
e5 Bxf3 35. Kxf3 fxe5 36. fxe5 d3 37. e6+ Ke7 38. Re3 d2 39. Ke2 Ba5 40. Nd1
bxa4 41. bxa4 Rd4 42. Re5 Rxa4 43. Nb2 Ra2 44. Nc4 Bc3 45. Re3 Ra1 46. Nxd2
Bxd2 47. Kxd2 Ra2+ 48. Ke1 Rb2 49. Rc3 Rb6 50. Rc7+ Kf6 51. e7 Re6+ 52. Kf2
Rxe7 53. Rc6+ Re6 54. Rc7 h6 55. Ra7 g6 56. Kf3 Ke5 57. Rd7 Rd6 58. Rc7 Kd5 59.
Rc8 Rc6 60. Ra8 Kc5 61. Ke4 Kb4 62. Rb8+ Ka5 63. h4 Rb6 64. Ra8 Kb5 65. g4 Kb4
66. Rh8 g5 67. h5 a5 68. Rd8 a4 69. Rd4+ Kb3 70. Rd3+ Kc2 71. Rf3 Ra6 72. Kd4
a3 73. Kc4 a2 74. Rf2+ Kd1 75. Rf1+ Ke2 76. Ra1 Kf3 0-1

[Event "2. ODEM U25 2005"]
[Site "Willingen GER"]
[Date "2005.05.18"]
[Round "6"]
[White "Rafiee, Makan"]
[Black "Bigalke, Tobias"]
[Result "1/2-1/2"]
[Termination "normal"]
[Board "10"]
[WhiteElo "1992"]
[BlackElo "2009"]
[PlyCount "61"]
[WhiteFideId "24609340"]
[BlackFideId "4698282"]
[EventCountry "GER"]
[EventRounds "9"]
[EventType "swiss"]
[EventDate "2005.05.15"]

1. e4 e6 2. d4 d5 3. Nd2 Nf6 4. e5 Nfd7 5. Bd3 c5 6. c3 Nc6 7. Ne2 Qb6 8. Nf3
Be7 9. O-O cxd4 10. cxd4 Nf8 11. b3 Bd7 12. Bb2 Ng6 13. Rc1 f5 14. Qd2 a5 15.
Nc3 Nb4 16. Bb1 O-O 17. Qd1 Rac8 18. a3 Na6 19. Ne2 Nc7 20. Bd3 Bb5 21. Bxb5
Nxb5 22. a4 Nc7 23. Nc3 Nh4 24. Nxh4 Bxh4 25. Ba3 Rfe8 26. Bc5 Qa6 27. Bd6 Na8
28. Qh5 Be7 29. Nb5 g6 30. Qh6 Rc6 31. Bxe7 1/2-1/2

[Event "2. ODEM U25 2005"]
[Site "Willingen GER"]
[Date "2005.05.18"]
[Round "6"]
[White "Rosenblatt, Marcus"]
[Black "Röber, Jürgen"]
[Result "0-1"]
[Termination "normal"]
[Board "11"]
[WhiteElo "1852"]
[BlackElo "2040"]
[PlyCount "34"]
[WhiteFideId "24627453"]
[BlackFideId "4697090"]
[EventCountry "GER"]
[EventRounds "9"]
[EventType "swiss"]
[EventDate "2005.05.15"]

1. e4 c5 2. Nf3 Nc6 3. d4 cxd4 4. Nxd4 g6 5. Nc3 Bg7 6. Be3 Nf6 7. f3 O-O 8.
Qd2 d5 9. Nxc6 bxc6 10. O-O-O e6 11. g4 Qa5 12. g5 Nh5 13. Kb1 Rb8 14. Ka1 Rxb2
15. Bd4 Bxd4 16. Qxd4 Rxc2 17. Rd3 Qa3 0-1

[Event "2. ODEM U25 2005"]
[Site "Willingen GER"]
[Date "2005.05.18"]
[Round "6"]
[White "Herzog, Matthias"]
[Black "Roitzsch, Philipp"]
[Result "1/2-1/2"]
[Termination "normal"]
[Board "12"]
[WhiteElo "2035"]
[BlackElo "1830"]
[PlyCount "157"]
[WhiteFideId "4698541"]
[BlackFideId "24635529"]
[EventCountry "GER"]
[EventRounds "9"]
[EventType "swiss"]
[EventDate "2005.05.15"]

1. e4 e5 2. Nf3 Nc6 3. Bb5 Bc5 4. c3 Nf6 5. d3 O-O 6. O-O d6 7. h3 a6 8. Ba4
Ne7 9. Nbd2 Ng6 10. Re1 b5 11. Bc2 Re8 12. Nf1 Bd7 13. a4 c6 14. Ng3 Qc8 15. d4
Bb6 16. Be3 Bc7 17. Qd2 a5 18. Bg5 Bd8 19. Nf5 Nxe4 20. Bxe4 Bxf5 21. Bxd8 Rxd8
22. axb5 Bxe4 23. Rxe4 cxb5 24. dxe5 dxe5 25. Qe2 f5 26. Re3 e4 27. Nd4 b4 28.
Qb5 bxc3 29. Rxc3 Qd7 30. Qxd7 Rxd7 31. Nxf5 Nf4 32. Rc5 Nd3 33. Rcxa5 Rxa5 34.
Rxa5 Nxb2 35. Re5 Nd3 36. Rxe4 Rf7 37. Re8+ Rf8 38. Rxf8+ Kxf8 39. Kf1 Nf4 40.
f3 g6 41. Ne3 Kf7 42. Kf2 Ke6 43. h4 h6 44. Ng4 h5 45. Ne3 Nd3+ 46. Kg3 Ke5 47.
Nd1 Kd4 48. Nf2 Nc5 49. Nh3 Ke5 50. Kf2 Nb7 51. Ke3 Nd6 52. g3 Nc4+ 53. Ke2 Kf5
54. Nf4 Ne5 55. Nd5 Nc6 56. Nc3 Nd4+ 57. Ke3 Nc2+ 58. Kd3 Nb4+ 59. Kd2 Nc6 60.
Ne4 Ne5 61. Ke2 Nc4 62. Nd2 Nd6 63. Kd3 Nf7 64. Nc4 g5 65. Ne3+ Ke5 66. hxg5
Nxg5 67. f4+ Kf6 68. Ng2 Ne6 69. Nh4 Nc5+ 70. Kd4 Nb3+ 71. Ke3 Nc5 72. Ng2 Kf5
73. Kf3 Nb3 74. Ne3+ Kf6 75. f5 Kg5 76. Ke4 Nd2+ 77. Ke5 Nf3+ 78. Kd5 h4 79. g4
1/2-1/2

[Event "2. ODEM U25 2005"]
[Site "Willingen GER"]
[Date "2005.05.18"]
[Round "6"]
[White "Belger, Christian"]
[Black "Sonntag, Hermann"]
[Result "1/2-1/2"]
[Termination "normal"]
[Board "13"]
[WhiteElo "1822"]
[BlackElo "2016"]
[PlyCount "103"]
[WhiteFideId "24622940"]
[BlackFideId "4695925"]
[EventCountry "GER"]
[EventRounds "9"]
[EventType "swiss"]
[EventDate "2005.05.15"]

1. e4 e6 2. d4 d5 3. Nc3 Bb4 4. e5 c5 5. a3 Bxc3+ 6. bxc3 Qc7 7. Bd2 f5 8. Bd3
Bd7 9. Qh5+ g6 10. Qh4 c4 11. Be2 Ba4 12. Bd1 Nc6 13. Ne2 Qf7 14. Rb1 b6 15.
Nf4 h6 16. Nxg6 Rh7 17. Nf4 Kd7 18. Nh5 Rf8 19. O-O Nce7 20. Nf4 Rg7 21. Bh5
Ng6 22. Nxg6 Rxg6 23. Bxg6 Qxg6 24. Rbc1 f4 25. Bxf4 Bxc2 26. f3 Bd3 27. Rf2
Rf5 28. Qg3 Qf7 29. Be3 Rh5 30. Rb2 Ne7 31. Qf2 Ng6 32. a4 Nf4 33. Ra1 Kc6 34.
a5 b5 35. Bxf4 Qxf4 36. g3 Rg5 37. Kh1 Qf7 38. a6 Kb6 39. h4 Rf5 40. f4 Qg6 41.
Kh2 Qg4 42. Rb4 Rh5 43. Ra2 Bf5 44. Rab2 Rxh4+ 45. gxh4 Qh3+ 46. Kg1 Be4 47.
Rxb5+ Kc6 48. Rc5+ Kd7 49. Rb7+ Kd8 50. Rb8+ Kd7 51. Rb7+ Kd8 52. Rb8+ 1/2-1/2